Zhou yi zhu shu : (Record no. 12790)

MARC details
000 -LEADER
fixed length control field 01976cam a2200493 a 4500
001 - CONTROL NUMBER
control field c 62002374
003 - CONTROL NUMBER IDENTIFIER
control field DLC
005 - DATE AND TIME OF LATEST TRANSACTION
control field 20260227111034.0
008 - FIXED-LENGTH DATA ELEMENTS--GENERAL INFORMATION
fixed length control field 041014q19271936cc 000 0 chi d
010 ## - LIBRARY OF CONGRESS CONTROL NUMBER
LC control number c 62002374
035 ## - SYSTEM CONTROL NUMBER
System control number (CStRLIN)DCLP04-B18688
040 ## - CATALOGING SOURCE
Original cataloging agency DLC
Transcribing agency InU
Modifying agency OCoLC
-- MiU-A
-- CStRLIN
-- DLC-R
-- DLC
042 ## - AUTHENTICATION CODE
Authentication code lccopycat
050 00 - LIBRARY OF CONGRESS CALL NUMBER
Classification number PL2464.Z6
Item number K8 1936
066 ## - CHARACTER SETS PRESENT
Alternate G0 or G1 character set $1
100 1# - MAIN ENTRY--PERSONAL NAME
Linkage 880-01
Personal name Kong, Yingda,
Dates associated with a name 574-648.
245 10 - TITLE STATEMENT
Linkage 880-02
Title Zhou yi zhu shu :
Remainder of title [9 juan /
Statement of responsibility, etc. Kong Yingda feng chi zhuan ; Wang Bi zhu].
246 14 - VARYING FORM OF TITLE
Linkage 880-03
Title proper/short title Zhou yi zheng yi
260 ## - PUBLICATION, DISTRIBUTION, ETC.
Linkage 880-04
Place of publication, distribution, etc. Shanghai :
Name of publisher, distributor, etc. Zhonghua shu ju,
Date of publication, distribution, etc. [1936?]
300 ## - PHYSICAL DESCRIPTION
Extent 4 v. in 1 ;
Dimensions 21 cm.
440 #0 - SERIES STATEMENT/ADDED ENTRY--TITLE
Linkage 880-05
Title Si bu bei yao.
Name of part/section of a work Jing bu
500 ## - GENERAL NOTE
General note On double leaves, oriental style.
501 ## - WITH NOTE
Linkage 880-06
With note With: Zhou yi yin yi / Lu Deming zhuan.
501 ## - WITH NOTE
Linkage 880-07
With note With: Zhou yi shi wen jiao kan ji / Ruan Yuan zhuan ; Lu Xuanxun zhai lu.
630 00 - SUBJECT ADDED ENTRY--UNIFORM TITLE
Linkage 880-08
Uniform title Yi jing.
700 1# - ADDED ENTRY--PERSONAL NAME
Linkage 880-09
Personal name Wang, Bi,
Dates associated with a name 226-249.
700 1# - ADDED ENTRY--PERSONAL NAME
Linkage 880-10
Personal name Lu, Deming,
Dates associated with a name 556-627.
Title of a work Zhou yi yin yi.
700 1# - ADDED ENTRY--PERSONAL NAME
Linkage 880-11
Personal name Ruan, Yuan,
Dates associated with a name 1764-1849.
Title of a work Zhou yi shi wen jiao kan ji.
740 0# - ADDED ENTRY--UNCONTROLLED RELATED/ANALYTICAL TITLE
Linkage 880-12
Uncontrolled related/analytical title Zhou yi yin yi.
740 0# - ADDED ENTRY--UNCONTROLLED RELATED/ANALYTICAL TITLE
Linkage 880-13
Uncontrolled related/analytical title Zhou yi shi wen jiao kan ji.
880 1# - ALTERNATE GRAPHIC REPRESENTATION
Linkage 100-01/$1
a 孔頴達,
d 574-648.
880 10 - ALTERNATE GRAPHIC REPRESENTATION
Linkage 245-02/$1
a 周易注疏 :
b [9卷 /
c 孔穎達奉敕撰 ; 王弼注].
880 14 - ALTERNATE GRAPHIC REPRESENTATION
Linkage 246-03/$1
a 周易正義
880 ## - ALTERNATE GRAPHIC REPRESENTATION
Linkage 260-04/$1
a 上海 :
b 中華書局,
c b[1936?]
880 #0 - ALTERNATE GRAPHIC REPRESENTATION
Linkage 440-05/$1
a 四部備要.
p 經部
880 ## - ALTERNATE GRAPHIC REPRESENTATION
Linkage 501-06/$1
a With 周易音義 / 陸德明撰.
880 ## - ALTERNATE GRAPHIC REPRESENTATION
Linkage 501-07/$1
a With: 周易釋文校勘記 / 阮元撰 ; 盧宣旬摘錄.
880 00 - ALTERNATE GRAPHIC REPRESENTATION
Linkage 630-08/$1
a 以經.
880 1# - ALTERNATE GRAPHIC REPRESENTATION
Linkage 700-09/$1
a 王弼,
d 226-249.
880 1# - ALTERNATE GRAPHIC REPRESENTATION
Linkage 700-10/$1
a 陸德明,
d 556-627.
t 周易音義.
880 1# - ALTERNATE GRAPHIC REPRESENTATION
Linkage 700-11/$1
a 阮元,
d 1764-1849.
t 周易釋文校勘記.
880 0# - ALTERNATE GRAPHIC REPRESENTATION
Linkage 740-12/$1
a 周易音義.
880 0# - ALTERNATE GRAPHIC REPRESENTATION
Linkage 740-13/$1
a 周易釋文校勘記.

No items available.

Powered by Koha